Kaamelott, complétez les expressions - Statistiques

Statistiques générales
  • Ce quiz a été pris 525 fois
  • Le résultat moyen est 20 sur 26
Statistiques - réponses
Expression Mot manquant % Correct
La Dame du ___ Lac
98%
Lancelot du ___ Lac
98%
Le ___ d'Aquitaine Duc
95%
On en a ___ !! Gros
95%
La ___ Ronde Table
94%
Le ___ Blaise Père
92%
Guenièvre à la ___ fesse Blanche
89%
La ___ Morgane Fée
87%
Le ___ d'armes Maître
85%
Coco l'___ Asticot
82%
En garde, fils d'___. Unijambiste
81%
Le roi ___ d'Orcanie Loth
80%
___ de Vannes Karadoc
78%
___ le Gaulois Provencal
78%
Le clan des semi ___ Croustillants
73%
___ de Kelliwic'h Elias
73%
___ Irae Dies
71%
Le mur d'___ Hadrien
70%
Le ___ de Logres Royaume
70%
Le ___ de Cornouailles Sanglier
68%
Calogrenant de ___ Calédonie
63%
Bohort de ___ Gaunes
63%
Le ___ géant du lac de l'ombre Serpent
59%
Gauvain, chevalier au ___ Pancréas
57%
Tout ___ pour repartir sur des bases saines. Cramer
45%
Les ___ de transport Sièges
22%
Aucun quiz correspondant
Distribution des résultats
% des personnes avec chaque résultat
Percentile par nombre de réponses
Votre historique - résultats
Vous n’avez pas pris ce quiz